000 00730nam a2200241Ia 4500
003 OSt
005 20220923224311.0
006 a|||||r|||| 00| 0
007 ta
008 220922b |||||||| |||| 00| 0 hin d
024 _a230,643
037 _cTextual
040 _aARTS
_cARTS
_bhin
041 _2hin
_ahin
082 _aQ22:223:g(R6892), 152P2
100 _aद्वारकादास
245 0 _aश्रीमद्भागवते निम्बार्कवेदस्य
246 _aShrīmadbhāgavate nimbārkavedasya
260 _c2002
300 _a426p
_ccm.
942 _hQ22:223:g(R6892), 152P2
_cTEXL
_2CC
999 _c370479
_d370479